Leaders of Europe Quiz - Statistics

General Stats
  • This quiz has been taken 449 times
    215 since last reset
  • The average score is 33 of 60
Answer Stats
Position Years Leader % Correct
German Chancellor 2005-2021 Angela Merkel
97%
Russian President 1999-2008, 2012- Vladimir Putin
96%
British P.M. 2019-2022 Boris Johnson
93%
French President 2017- Emmanuel Macron
92%
Ukrainian President 2019- Volodymyr Zelensky
92%
The Pope 2013- Francis
89%
Soviet Leader 1924-1953 Joseph Stalin
89%
British P.M. 1979-1990 Margaret Thatcher
86%
Soviet Leader 1985-1991 Mikhail Gorbachev
86%
British P.M. 2022-2024 Rishi Sunak
86%
Spanish P.M. 1938-1973 Francisco Franco
83%
German Chancellor 2021- Olaf Scholz
82%
British P.M. 1997-2007 Tony Blair
80%
Russian President 1991-1999 Boris Yeltsin
79%
Soviet Leader 1953-1964 Nikita Khrushchev
76%
British P.M. 1951-1955 Winston Churchill
76%
Italian P.M. 2022- Giorgia Meloni
75%
Yugoslav Dictator 1944-1980 Josip Broz Tito
75%
Soviet Leader 1964-1982 Leonid Brezhnev
75%
The Pope 1978-2005 John Paul II
74%
Hungarian P.M. 1998-2002, 2010- Viktor Orbán
74%
British P.M. 2024- Keir Starmer
73%
French President 1959-1969 Charles de Gaulle
72%
British P.M. 2010-2016 David Cameron
71%
Italian P.M. 1994-1995, 2001-2006, 2008-2011 Silvio Berlusconi
69%
The Pope 2005-2013 Benedict XVI
68%
Belarusian President 1994- Alexander Lukashenko
67%
French President 2007-2012 Nicolas Sarkozy
67%
Russian President 2008-2012 Dmitry Medvedev
63%
French President 2012-2017 François Hollande
59%
Romanian Dictator 1965-1989 Nicolae Ceaușescu
56%
Polish P.M. 2007-2014,2023- Donald Tusk
53%
French President 1995-2007 Jacques Chirac
53%
German Chancellor 1949-1963 Konrad Adenauer
53%
German Chancellor 1982-1998 Helmut Kohl
52%
French President 1981-1995 François Mitterrand
50%
Spanish P.M. 2018- Pedro Sánchez
49%
Dutch P.M. 2010-2024 Mark Rutte
44%
German Chancellor 1998-2005 Gerhard Schröder
42%
Albanian Dictator 1941-1985 Enver Hoxha
41%
Serbian President 1991-1997 Slobodan Milošević
41%
East German Leader 1971-1989 Erich Honecker
33%
Italian P.M. 2021–2022 Mario Draghi
32%
Polish President 2015- Andrzej Duda
31%
Polish President 1990-1995 Lech Wałęsa
31%
Ukrainian President 2014-2019 Petro Poroshenko
30%
Czech President 1993-2003 Václav Havel
29%
Danish P.M. 2019- Mette Frederiksen
27%
Swedish P.M. 1969-1976,1982-1986 Olof Palme
23%
Austrian Chancellor 2017-2019, 2020-2021 Sebastian Kurz
23%
Italian P.M. 2018-2021 Giuseppe Conte
21%
Dutch P.M. 2024- Dick Schoof
19%
Norwegian P.M. 2000-2001,2005-2013 Jens Stoltenberg
18%
Ukrainian P.M. 2005, 2007-2010 Yulia Tymoshenko
18%
Greek Dictator 1967-1973 Georgios Papadopoulos
16%
Spanish P.M. 2011-2018 Mariano Rajoy
13%
Irish Taoiseach (P.M.) 2024- Simon Harris
13%
Portuguese P.M. 1995-2002 António Guterres
11%
Norwegian P.M. 2013-2021 Erna Solberg
10%
Swedish P.M. 2014-2021 Stefan Löfven
7%
No matching quizzes found
Score Distribution
Percent of People with Each Score
Percentile by Number Answered
Your Score History
You have not taken this quiz since the last reset